Industrial and marine fuels reference book / (Record no. 61218)

000 -LEADER
fixed length control field 00992pam a2200253 a 4500
001 - CONTROL NUMBER
control field 1477546
003 - CONTROL NUMBER IDENTIFIER
control field NUST-PNEC
005 - DATE AND TIME OF LATEST TRANSACTION
control field 20170116180717.0
008 - FIXED-LENGTH DATA ELEMENTS--GENERAL INFORMATION
fixed length control field 870528s1988 enka b 001 0 eng
010 ## - LIBRARY OF CONGRESS CONTROL NUMBER
LC control number 87015804
020 ## - INTERNATIONAL STANDARD BOOK NUMBER
International Standard Book Number 0408014881
040 ## - CATALOGING SOURCE
Transcribing agency PNEC
050 00 - LIBRARY OF CONGRESS CALL NUMBER
Classification number TP318
Item number .C64 1988
082 00 - DEWEY DECIMAL CLASSIFICATION NUMBER
Classification number 662.6 CLA
100 1# - MAIN ENTRY--PERSONAL NAME
Personal name Clark, George H.
Fuller form of name (George Hamilton)
245 10 - TITLE STATEMENT
Title Industrial and marine fuels reference book /
Statement of responsibility, etc. George H. Clark.
260 ## - PUBLICATION, DISTRIBUTION, ETC.
Place of publication, distribution, etc. London ;
-- Boston :
Name of publisher, distributor, etc. Butterworths,
Date of publication, distribution, etc. 1988.
300 ## - PHYSICAL DESCRIPTION
Extent 1 v. (various pagings) :
Other physical details ill. ;
Dimensions 26 cm.
500 ## - GENERAL NOTE
General note http://www.amazon.com/Industrial-Marine-Fuels-Reference-Book/dp/0408014881/ref=sr_1_1?s=books&ie=UTF8&qid=1413888613&sr=1-1&keywords=0408014881 https://www.worldcat.org/title/industrial-and-marine-fuels-reference-book/oclc/16004750&referer=brief_results
504 ## - BIBLIOGRAPHY, ETC. NOTE
Bibliography, etc. note Includes bibliographies and index.
650 #0 - SUBJECT ADDED ENTRY--TOPICAL TERM
Topical term or geographic name entry element Fuel.
General subdivision ME, IME
906 ## - LOCAL DATA ELEMENT F, LDF (RLIN)
a 7
b cbc
c orignew
d 1
e ocip
f 19
g y-gencatlg
942 ## - ADDED ENTRY ELEMENTS (KOHA)
Source of classification or shelving scheme
Koha item type Book
Holdings
Withdrawn status Lost status Source of classification or shelving scheme Damaged status Not for loan Permanent Location Current Location Shelving location Date acquired Source of acquisition Cost, normal purchase price Total Checkouts Full call number Barcode Date last seen Cost, replacement price Price effective from Koha item type
          Pakistan Navy Engineering College (PNEC) Pakistan Navy Engineering College (PNEC) Reference 10/03/1992 Pak Book Corporation 4492.00   621.4023 CLA PNECLIB-016676 10/21/2014 4492.00 10/03/1992 Book
          Pakistan Navy Engineering College (PNEC) Pakistan Navy Engineering College (PNEC) Reference         621.4023 CLA PNECLIB-011832 10/02/2015     Book
          Pakistan Navy Engineering College (PNEC) Pakistan Navy Engineering College (PNEC)   10/07/2015       662.6 CLA PNECLIB-012022 10/07/2015     Book
© 2023 Central Library, National University of Sciences and Technology. All Rights Reserved.